LIBRARY & INFORMATION CENTRE, KCAET, TAVANUR

ONLINE PUBLIC ACCESS CATALOGUE (OPAC)

Geotechnical Engineering (Record no. 14338)

MARC details
000 -LEADER
fixed length control field 00405nam a22001577a 4500
003 - CONTROL NUMBER IDENTIFIER
control field OSt
008 - FIXED-LENGTH DATA ELEMENTS--GENERAL INFORMATION
fixed length control field 250328b |||||||| |||| 00| 0 eng d
020 ## - INTERNATIONAL STANDARD BOOK NUMBER
ISBN 9788122433517
082 ## - DEWEY DECIMAL CLASSIFICATION NUMBER
Classification number 624.1501
Item number VEN/GE
100 ## - MAIN ENTRY--AUTHOR NAME
Personal name Venkatramaiah,C
245 ## - TITLE STATEMENT
Title Geotechnical Engineering
250 ## - EDITION STATEMENT
Edition statement 4 rev
260 ## - PUBLICATION, DISTRIBUTION, ETC. (IMPRINT)
Place of publication New Delhi
Name of publisher New Age International (P)Limited, Publishers
Year of publication 2012
300 ## - PHYSICAL DESCRIPTION
Number of Pages 956
942 ## - ADDED ENTRY ELEMENTS (KOHA)
Koha item type Books
Holdings
Withdrawn status Lost status Damaged status Collection code Home library Current library Shelving location Date acquired Source of acquisition Cost, normal purchase price Full call number Accession Number Koha item type
        KAUAET KAUAET General Stacks 17/06/2016 Aman Book Stall Calicut 495.00 624.1501 VEN/GE 24632 Books
        KAUAET KAUAET General Stacks 05/07/2016 Aman Book Stall, Calicut 495.00 624.1501 VEN/GE 25012 Books
free website counter